[Event "Capablanca Memorial op-B 48th"]
[Site "Havana"]
[Date "2013.04.30"]
[Round "9"]
[White "Dominguez Correa, Jesus"]
[Black "Blanco Milet, Leandro"]
[Result "0-1"]
[WhiteElo "1926"]
[BlackElo "2013"]
[PlyCount "102"]
[EventDate "2013.04.21"]
[EventType "swiss"]
[EventRounds "9"]
[EventCountry "CUB"]
[SourceTitle "CBM 154 Extra"]
[Source "ChessBase"]
[SourceDate "2013.06.25"]
[SourceVersion "2"]
[SourceVersionDate "2013.06.25"]
[SourceQuality "1"]

1. d4 c5 2. Nf3 cxd4 3. Nxd4 g6 4. b3 Bg7 5. c3 Nf6 6. Bb2 0-0 7. e3 d5 8. Ba3 Nc6 9. Be2 Re8 10. 0-0 a6 11. Bb2 e5 12. Nf3 Bg4 13. Nbd2 Qc7 14. Rc1 Rad8 15. h3 Bf5 16. Nh2 h5 17. Ndf3 Qd7 18. Kh1 Qe7 19. Nh4 Bc8 20. N4f3 Nh7 21. Re1 Nf8 22. a3 Ne6 23. b4 Qd7 24. b5 axb5 25. Bxb5 Qc7 26. Qa4 Nc5 27. Qh4 Qb6 28. a4 Nd3 29. Bxd3 Qxb2 30. Rc2 Qa3 31. Bb5 Qb3 32. Rec1 Bf5 33. Nd2 Qa3 34. e4 dxe4 35. Nxe4 g5 36. Qxg5 Bxe4 37. Re2 Bd3 38. Ree1 e4 39. Nf1 Re5 40. Qh4 Qe7 41. Qxe7 Rxe7 42. Ng3 Re5 43. h4 Bf6 44. Bxd3 exd3 45. Rxe5 Nxe5 46. Ne4 Bxh4 47. g3 Be7 48. f4 Nc4 49. Rd1 d2 50. f5 f6 51. a5 Kf7 0-1

[Event "Capablanca Memorial op-B 48th"]
[Site "Havana"]
[Date "2013.04.25"]
[Round "5"]
[White "Dominguez Correa, Jesus"]
[Black "Cruz Portuondo, Manuel de Jesus"]
[Result "0-1"]
[WhiteElo "1926"]
[BlackElo "2120"]
[PlyCount "72"]
[EventDate "2013.04.21"]
[EventType "swiss"]
[EventRounds "9"]
[EventCountry "CUB"]
[SourceTitle "CBM 154 Extra"]
[Source "ChessBase"]
[SourceDate "2013.06.25"]
[SourceVersion "2"]
[SourceVersionDate "2013.06.25"]
[SourceQuality "1"]

1. d4 Nf6 2. c4 g6 3. Nc3 Bg7 4. e4 d6 5. f3 0-0 6. Be3 e5 7. d5 c6 8. Bd3 Nbd7 9. Nge2 Nc5 10. Bxc5 dxc5 11. dxc6 bxc6 12. 0-0 Nh5 13. Qc2 Be6 14. Rad1 Nf4 15. Nxf4 exf4 16. Kh1 Qg5 17. Na4 Rfd8 18. Be2 h5 19. Rxd8+ Rxd8 20. Rd1 Rd4 21. Nc3 h4 22. Bf1 Qd8 23. b3 Qa5 24. Ne2 Rxd1 25. Qxd1 Be5 26. Nc1 Bd4 27. Qe2 Qc3 28. Nd3 g5 29. g3 hxg3 30. hxg3 fxg3 31. Qg2 Qa1 32. f4 Be3 33. f5 g4 34. Nb2 Bxf5 35. exf5 Bf2 36. f6 Qc1 0-1